| 000 | 00370 a2200157 4500 | ||
|---|---|---|---|
| 001 | 188306 | ||
| 020 | _a | ||
| 040 | _cMagnum | ||
| 100 | _aArreguy, Cintia Aparecida Chagas | ||
| 240 | 1 | 0 |
_aBelo Horizonte: regional centro-sul _lpor |
| 245 | 1 | 0 | _aBelo Horizonte: regional centro-sul |
| 300 | _a61 | ||
| 362 | 0 | _a2008 | |
| 697 | _aHISTÓRIA DO BRASIL | ||
| 942 | _cBK | ||
| 999 |
_c188306 _d188306 |
||